| 000 | 00390nam a2200157Ia 4500 | ||
|---|---|---|---|
| 008 | 230917s9999||||xx |||||||||||||| ||und|| | ||
| 040 |
_e214646 _aMAIN |
||
| 041 | _aEnglish | ||
| 082 | _a394.12 C832F(3) | ||
| 100 | _aCounihan, Carole, ed. | ||
| 245 | 0 | _aFood and Culture: A reader | |
| 250 | _a3rd ed. | ||
| 260 |
_aNew York _bRoutledge _c2013 |
||
| 300 | _axiii, 631 p. | ||
| 942 | _cBK | ||
| 999 |
_c178156 _d178156 |
||